| 000 | 00518nam a22001937a 4500 | ||
|---|---|---|---|
| 005 | 20240402164255.0 | ||
| 008 | 230221b |||||||| |||| 00| 0 eng d | ||
| 020 |
_a9847007608379 _cRs.177.00 |
||
| 040 | _aLoreto college | ||
| 041 | _aBengali | ||
| 082 |
_a891.448 _bMOM |
||
| 100 | _aMomen,Abul | ||
| 245 |
_aBhasha andolaner katha _cAbul Momen |
||
| 260 |
_aDhaka _bBangladesh Shishu Academy _c2016 |
||
| 300 |
_a56p _b24cm |
||
| 650 | _aBhasha andolan-History | ||
| 850 | _aLCLIB | ||
| 942 | _cBK | ||
| 999 |
_c43205 _d93684 |
||